Sports Quiz

Random Sports Quiz

Top XIs: SS Lazio Quiz Stats

 Plays Quiz not verified by Sporcle

Also try: Top XIs: Liverpool
Challenge
Share
Tweet
Score 0/198 Timer 20:00
1 Play Today
Season Player % Correct
2017-18Ciro Immobile
90.8%
2000-01Angelo Peruzzi
90.4%
2001-02Angelo Peruzzi
90.4%
2002-03Angelo Peruzzi
90.4%
2003-04Angelo Peruzzi
90.4%
2005-06Angelo Peruzzi
90.4%
2006-07Angelo Peruzzi
90.4%
2011-12Miroslav Klose
88.3%
2012-13Miroslav Klose
88.3%
2013-14Miroslav Klose
88.3%
2014-15Miroslav Klose
88.3%
2000-01Alessandro Nesta
87.8%
2001-02Alessandro Nesta
87.8%
2017-18Sergej Milinković-Savić
87.7%
2016-17Ciro Immobile
87.6%
2000-01Hernán Crespo
87.4%
2001-02Hernán Crespo
87.4%
2011-12Federico Marchetti
85.1%
2012-13Federico Marchetti
85.1%
2013-14Federico Marchetti
85.1%
2014-15Federico Marchetti
85.1%
2015-16Federico Marchetti
85.1%
2000-01Pavel Nedvěd
84%
2000-01Juan Sebastián Verón
83.2%
2017-18Stefan de Vrij
83.1%
2014-15Stefan de Vrij
82.7%
2016-17Stefan de Vrij
82.7%
2014-15Felipe Anderson
82.1%
2015-16Felipe Anderson
82.1%
2016-17Felipe Anderson
82.1%
2004-05Tommaso Rocchi
81.9%
2005-06Tommaso Rocchi
81.9%
2006-07Tommaso Rocchi
81.9%
2007-08Tommaso Rocchi
81.9%
2008-09Tommaso Rocchi
81.9%
2009-10Tommaso Rocchi
81.9%
2001-02Claudio López
80.2%
2002-03Claudio López
80.2%
2003-04Claudio López
80.2%
2013-14Lucas Biglia
80.2%
2014-15Lucas Biglia
80.2%
2015-16Lucas Biglia
80.2%
2016-17Lucas Biglia
80.2%
2000-01Giuseppe Favalli
79.3%
2001-02Giuseppe Favalli
79.3%
2002-03Giuseppe Favalli
79.3%
2003-04Giuseppe Favalli
79.3%
2017-18Senad Lulić
78.5%
2000-01Siniša Mihajlović
77.8%
2002-03Siniša Mihajlović
77.8%
2003-04Siniša Mihajlović
77.8%
2006-07Stefano Mauri
77.4%
2009-10Stefano Mauri
77.4%
2014-15Stefano Mauri
77.4%
2009-10Ştefan Radu
77%
2010-11Ştefan Radu
77%
2011-12Ştefan Radu
77%
2012-13Ştefan Radu
77%
2013-14Ştefan Radu
77%
2014-15Ştefan Radu
77%
2016-17Ştefan Radu
77%
2012-13Antonio Candreva
76.5%
2013-14Antonio Candreva
76.5%
2014-15Antonio Candreva
76.5%
2015-16Antonio Candreva
76.5%
2015-16Sergej Milinković-Savić
76.3%
Season Player % Correct
2014-15Marco Parolo
76.1%
2015-16Marco Parolo
76.1%
2016-17Marco Parolo
76.1%
2001-02Dejan Stanković
75.5%
2002-03Massimo Oddo
75.5%
2002-03Dejan Stanković
75.5%
2003-04Massimo Oddo
75.5%
2003-04Dejan Stanković
75.5%
2004-05Massimo Oddo
75.5%
2005-06Massimo Oddo
75.5%
2017-18Ştefan Radu
75.4%
2017-18Marco Parolo
75.4%
2011-12Senad Lulić
74.6%
2012-13Senad Lulić
74.6%
2013-14Senad Lulić
74.6%
2014-15Senad Lulić
74.6%
2015-16Senad Lulić
74.6%
2016-17Senad Lulić
74.6%
2000-01Diego Simeone
74.4%
2001-02Stefano Fiore
71.2%
2002-03Stefano Fiore
71.2%
2003-04Stefano Fiore
71.2%
2000-01Giuseppe Pancaro
70.1%
2001-02Giuseppe Pancaro
70.1%
2002-03Jaap Stam
69.7%
2003-04Jaap Stam
69.7%
2005-06Goran Pandev
69.7%
2006-07Goran Pandev
69.7%
2007-08Goran Pandev
69.7%
2008-09Goran Pandev
69.7%
2017-18Thomas Strakosha
69.2%
2010-11Hernanes
69.1%
2011-12Hernanes
69.1%
2012-13Hernanes
69.1%
2014-15Dušan Basta
68.7%
2016-17Dušan Basta
68.7%
2006-07Cristian Ledesma
67.6%
2007-08Cristian Ledesma
67.6%
2008-09Cristian Ledesma
67.6%
2010-11Cristian Ledesma
67.6%
2011-12Cristian Ledesma
67.6%
2012-13Cristian Ledesma
67.6%
2013-14Cristian Ledesma
67.6%
2009-10Fernando Muslera
67.4%
2010-11Fernando Muslera
67.4%
2008-09Mauro Zárate
67%
2009-10Mauro Zárate
67%
2010-11Mauro Zárate
67%
2000-01Paolo Negro
66.1%
2000-01Fernando Couto
65.7%
2001-02Fernando Couto
65.7%
2002-03Fernando Couto
65.7%
2003-04Fernando Couto
65.7%
2004-05Fernando Couto
65.7%
2008-09Aleksandar Kolarov
65.2%
2009-10Aleksandar Kolarov
65.2%
2016-17Sergej Milinković-Savić
65.2%
2017-18Luis Alberto
64.6%
2008-09Cristian Brocchi
61.8%
2009-10Cristian Brocchi
61.8%
2010-11Cristian Brocchi
61.8%
2017-18Lucas Leiva
61.5%
2016-17Thomas Strakosha
61.2%
2011-12Álvaro González
60.8%
2012-13Álvaro González
60.8%
2015-16Keita Baldé
60.1%
Season Player % Correct
2008-09Stephan Lichtsteiner
59.3%
2009-10Stephan Lichtsteiner
59.3%
2010-11Stephan Lichtsteiner
59.3%
2011-12Abdoulay Konko
56.5%
2012-13Abdoulay Konko
56.5%
2013-14Abdoulay Konko
56.5%
2015-16Abdoulay Konko
56.5%
2015-16Wesley Hoedt
55.9%
2002-03Bernardo Corradi
52%
2003-04Bernardo Corradi
52%
2017-18Jordan Lukaku
50.8%
2004-05Luciano Zauri
49.9%
2005-06Luciano Zauri
49.9%
2006-07Luciano Zauri
49.9%
2007-08Luciano Zauri
49.9%
2016-17Wallace
49.3%
2003-04Fabio Liverani
46.1%
2004-05Fabio Liverani
46.1%
2005-06Fabio Liverani
46.1%
2004-05Ousmane Dabo
45.2%
2005-06Ousmane Dabo
45.2%
2007-08Marco Ballotta
44.8%
2013-14Lorik Cana
44.3%
2010-11André Dias
44.1%
2011-12André Dias
44.1%
2012-13André Dias
44.1%
2001-02Karel Poborský
43.7%
2005-06Valon Behrami
43.3%
2007-08Valon Behrami
43.3%
2010-11Matuzalém
43.1%
2010-11Giuseppe Biava
42.6%
2011-12Giuseppe Biava
42.6%
2012-13Giuseppe Biava
42.6%
2005-06Emílson Cribari
41.6%
2006-07Emílson Cribari
41.6%
2007-08Emílson Cribari
41.6%
2001-02Giuliano Giannichedda
41.4%
2004-05Giuliano Giannichedda
41.4%
2004-05Sebastiano Siviglia
39.2%
2005-06Sebastiano Siviglia
39.2%
2006-07Sebastiano Siviglia
39.2%
2007-08Sebastiano Siviglia
39.2%
2008-09Sebastiano Siviglia
39.2%
2009-10Sebastiano Siviglia
39.2%
2015-16Maurício
38.8%
2002-03César
38.2%
2009-10Modibo Diakité
38%
2010-11Sergio Floccari
38%
2011-12Modibo Diakité
38%
2013-14Ogenyi Onazi
37.5%
2008-09Juan Pablo Carrizo
37.3%
2017-18Adam Marušić
36.9%
2006-07Guglielmo Stendardo
34.5%
2006-07Gaby Mudingayi
34.5%
2007-08Gaby Mudingayi
34.5%
2005-06Christian Manfredini
30.1%
2006-07Massimo Mutarelli
29.6%
2007-08Massimo Mutarelli
29.6%
2009-10Roberto Baronio
27.9%
2008-09David Rozehnal
27.3%
2013-14Luis Pedro Cavanda
27.3%
2007-08Lorenzo De Silvestri
25.8%
2008-09Pasquale Foggia
23%
2004-05Emanuele Filippini
22.8%
2004-05Antonio Filippini
22.8%
2004-05Matteo Sereni
22.6%

You're not logged in!

Compare scores with friends on all Sporcle quizzes.
Join for Free
OR
Log In

You Might Also Like...

Show Comments

Extras

Created Feb 18, 2015SourceReportNominate
Tags:eleven, player, season, XIs

Top Quizzes Today


Score Distribution

Your Account Isn't Verified!

In order to create a playlist on Sporcle, you need to verify the email address you used during registration. Go to your Sporcle Settings to finish the process.

Report this User

Report this user for behavior that violates our Community Guidelines.

Details: